[Event "41st Pan-American U20"]
[Site "Guatape COL"]
[Date "2016.06.25"]
[Round "9.28"]
[White "Norena Marin, Jeronimo"]
[Black "Lopez Gonzalez, Carlos Andres"]
[Result "0-1"]
[WhiteElo "1514"]
[BlackElo "1482"]
[EventDate "2016.06.20"]
[PlyCount "62"]

1.e4 c5 2.Nf3 d6 3.Bc4 Nf6 4.Ng5 e6 5.Nc3 a6 6.Be2 Be7 7.d3 Nc6 8.O-O Bd7 
9.Be3 Rc8 10.Qd2 Qc7 11.Rab1 Nd4 12.Bd1 O-O 13.b4 cxb4 14.Rxb4 e5 15.Rb2 
Qxc3 16.Qxc3 Rxc3 17.Rxb7 Re8 18.Bd2 Ra3 19.Rb2 Nc6 20.c3 h6 21.Nf3 Be6 
22.Bb3 Rb8 23.Bxe6 Rxb2 24.Bc1 fxe6 25.Bxb2 Rxa2 26.Rb1 d5 27.d4 dxe4 28.
dxe5 exf3 29.exf6 Bxf6 30.gxf3 Ne5 31.f4 Nd3 0-1